[Event "Hallstahammar op"]
[Site "Hallstahammar"]
[Date "2004.09.11"]
[Round "5"]
[White "Angskog, Kent"]
[Black "Kempelis, Uldis"]
[Result "1-0"]
[WhiteElo "2237"]
[BlackElo "1950"]
[PlyCount "63"]
[EventDate "2004.09.10"]
[EventType "swiss"]
[EventRounds "8"]
[EventCountry "SWE"]
[SourceTitle "EXT 2005"]
[Source "ChessBase"]
[SourceDate "2004.11.15"]
[SourceVersion "1"]
[SourceVersionDate "2004.11.15"]
[SourceQuality "1"]

1. Nf3 d5 2. c4 c6 3. b3 e6 4. Bb2 f5 5. d3 Bb4+ 6. Nbd2 Nf6 7. g3 0-0 8. Bg2 Bd7 9. 0-0 Be8 10. e4 Bh5 11. Qc2 Bxf3 12. Nxf3 fxe4 13. Bxf6 Qxf6 14. dxe4 Nd7 15. exd5 exd5 16. cxd5 cxd5 17. Qd3 Nb6 18. Rac1 Rac8 19. Rxc8 Rxc8 20. Nh4 Qf7 21. Rd1 Rd8 22. Nf5 h6 23. g4 Qd7 24. Qd4 Bf8 25. Ne3 Kh8 26. a4 Qc7 27. a5 Nc8 28. b4 b6 29. g5 hxg5 30. Qg4 Qd6 31. Rxd5 Qf6 32. Rxd8 1-0